000 00296cam a2200133ua 4500
041 _ahin
_h
082 _a891.43
_bDEV/BA
100 _aDevaki, Dad .
245 _aBabani so tilvari tak /
_cDad devaki.
_hTextual Documents
300 _a32 ; .
504 _a
942 _cBK
999 _c3678
_d3678